| 000 | 00000nam##2200000za#4500 |
| 001 | 9.640761 |
| 003 | CaOODSP |
| 005 | 20210624222829 |
| 007 | cr ||||||||||| |
| 008 | 150407|2007||||xxc|||||o f|0| 0 fre|d |
| 040 | |aCaOODSP|bfre |
| 043 | |an-cn--- |
| 086 | 1 |aH118-81/2007F-PDF |
| 110 | 1 |aCanada. |bInstitut canadien d'information sur la santé. |
| 245 | 10|aBase de données sur les technologues en radiation médicale (BDTRM) : |h[ressource électronique]|bévaluation des incidences sur la vie privée |
| 260 | |aOttawa - Ontario : |bInstitut canadien d'information sur la santé |cc2007. |
| 300 | |a48p.|bfigure, références, tableaux |
| 590 | |a12-38-Supp|b2012-09-27 |
| 691 | 07|aVie privée|2gcpds |
| 691 | 07|aMain-d'oeuvre|2gcpds |
| 691 | 07|aTechnologie médicale|2gcpds |
| 775 | 08|tMedical Radiation Technologist Database (MRTDB) : |w(CaOODSP)9.696651 |
| 856 | 40|ahttp://publications.gc.ca|qPDF|s493 Ko|uhttps://publications.gc.ca/collections/collection_2012/icis-cihi/H118-81-2007-fra.pdf |